Chinese maps in political culture

Bibliographic Details
Published in:The history of cartography, J.B. Harley and David Woodward, Chicago [etc.], p. 71-95 (2)
Main Author: Yee, Cordell D.K.
Content type: Article
Published: 1994
Source:MPIPL_cat

MARC

LEADER 00000naa a2200000 u 4500
001 PL0063295
003 PLI01000000000000000061523
005 00000000000000.0
008 ||| u
100 1 |a Yee, Cordell D.K. 
245 0 0 |a Chinese maps in political culture  |c Cordell D.K. Yee 
260 |c 1994 
773 0 8 |t The history of cartography  |a J.B. Harley and David Woodward  |k 2  |d Chicago [etc.]  |g p. 71-95  |w MPIPL_cat.PL0063291  |z 0-226-31637-8  |i In: 
952 |h p. 71-95 
996 |a Aufsatz 
997 |a book chapter